| 000 | 00000nam##2200000za#4500 |
| 001 | 9.695702 |
| 003 | CaOODSP |
| 005 | 20230202144025 |
| 007 | cr ||||||||||| |
| 008 | 150407|1996||||xxc|||||o f|0| 0 eng|d |
| 040 | |aCaOODSP|beng |
| 043 | |an-cn--- |
| 086 | 1 |aH72-21/140-1996E-PDF |
| 110 | 2 |aNational Clearinghouse on Family Violence (Canada). |
| 245 | 10|aDating violence - an issue at any age : |h[electronic resource]|bawareness information for people in the workplace / |c[by Flora MacLeod and Brenda Dafoe]. |
| 260 | |aOttawa - Ontario : |bHealth Canada. |cMarch 1996. |
| 300 | |a41p. |
| 500 | |aThe catalogue number (H72-21/140-1996E) and ISBN (0-662-238S7-5) [sic] for the print edition have been incorrectly copied in this electronic publication. "A guide for use by people interested in meeting together to discuss dating violence issues"--Page 2 of 41. |
| 504 | |aBibliography. |
| 590 | |a12-13-Supp|b2012-04-03 |
| 720 | 1 |aMacLeod, Flora |
| 720 | 1 |aDafoe, Brenda |
| 775 | 08|tLa violence dans les fréquentations - un risque à tout âge : |w(CaOODSP)9.639832 |
| 776 | 0#|tDating violence: an issue at any age: awareness information for people in the workplace : |w(CaOODSP)9.646025 |
| 856 | 40|ahttp://publications.gc.ca|qPDF|s108 KB|uhttps://publications.gc.ca/collections/Collection/H72-21-140-1996E.pdf |